[Event "Niedersachsen-ch 2020"]
[Site "Verden-Aller"]
[Date "2020.01.02"]
[Round "2.12"]
[White "Brunner, Alexander"]
[Black "Gruening, Thomas"]
[Result "1-0"]
[WhiteElo "1991"]
[BlackElo "1855"]
[Annotator "NA"]
[PlyCount "59"]
[EventDate "2020.01.02"]
[EventType "swiss"]
[EventCountry "GER"]
[SourceTitle "playchess.com"]
[Source "ChessBase"]
[SourceQuality "1"]
[TimeControl "40/5400+30:1800+30"]

1. d4 {[%emt 0:00:00]} f5 {[%emt 0:00:00]} 2. Nc3 {[%emt 0:00:00]} Nf6 {[%emt 0:00:00]} 3. Bf4 {[%emt 0:00:00]} e6 {[%emt 0:00:28]} 4. Nf3 {[%emt 0:01:03]} b6 {[%emt 0:00:44]} 5. e3 {[%emt 0:01:17]} Bb7 {[%emt 0:00:23]} 6. Bd3 {[%emt 0:00:55]} Nc6 {[%emt 0:01:41]} 7. e4 {[%emt 0:02:07]} fxe4 {[%emt 0:01:13]} 8. Nxe4 {[%emt 0:00:29]} Be7 {[%emt 0:01:04]} 9. c3 {[%emt 0:02:51]} O-O {[%emt 0:01:38]} 10. Qd2 {[%emt 0:02:28]} a5 {[%emt 0:04:46]} 11. h4 {[%emt 0:04:19]} Kh8 {[%emt 0:11:05]} 12. Bg5 {[%emt 0:02:03]} Nxd4 {[%emt 0:05:53]} 13. Nxd4 {[%emt 0:03:12]} Nxe4 {[%emt 0:00:29]} 14. Bxe4 {[%emt 0:01:12]} Bxe4 {[%emt 0:00:29]} 15. f3 {[%emt 0:00:26]} Bb7 {[%emt 0:01:59]} 16. O-O-O {[%emt 0:02:50]} a4 {[%emt 0:03:27]} 17. f4 {[%emt 0:04:22]} a3 {[%emt 0:03:07]} 18. b3 {[%emt 0:00:17]} c5 {[%emt 0:06:51]} 19. Nf3 {[%emt 0:02:09]} d5 {[%emt 0:02:47]} 20. Rhe1 {[%emt 0:01:52]} h6 {[%emt 0:06:01]} 21. Rxe6 {[%emt 0:03:39]} hxg5 {[%emt 0:17:57]} 22. Ne5 {[%emt 0:00:24]} Bd6 {[%emt 0:04:42]} 23. Ng6+ {[%emt 0:04:35]} Kg8 {[%emt 0:00:13]} 24. hxg5 {[%emt 0:04:29]} Qd7 {[%emt 0:04:32]} 25. Qe2 {[%emt 0:01:45]} Bxf4+ {[%emt 0:03:58]} 26. Kb1 {[%emt 0:00:37]} Bxg5 {[%emt 0:00:42]} 27. Rh1 {[%emt 0:03:22]} Bh6 {[%emt 0:07:46]} 28. Ne7+ {[%emt 0:00:14]} Kf7 {[%emt 0:06:40]} 29. Rf1+ {[%emt 0:00:55]} Ke8 {[%emt 0:00:14]} 30. Nc6+ {[%emt 0:00:45]} 1-0

[Event "Niedersachsen-ch 2020"]
[Site "Verden-Aller"]
[Date "2020.01.03"]
[Round "3.1"]
[White "Schulze, Torben"]
[Black "Abel, Dennes"]
[Result "0-1"]
[WhiteElo "2266"]
[BlackElo "2463"]
[Annotator "ChessBase"]
[PlyCount "164"]
[EventDate "2020.01.02"]
[EventType "swiss"]
[EventCountry "GER"]
[SourceTitle "playchess.com"]
[Source "ChessBase"]
[SourceQuality "1"]
[TimeControl "40/5400+30:1800+30"]

1. e4 {[%emt 0:00:00]} c6 {[%emt 0:00:43]} 2. d4 {[%emt 0:00:00]} d5 {[%emt 0:00:07]} 3. e5 {[%emt 0:00:00]} Bf5 {[%emt 0:00:10]} 4. h4 {[%emt 0:00:20]} Qc7 {[%emt 0:00:10]} 5. c4 {[%emt 0:11:08]} e6 {[%emt 0:00:51]} 6. Nc3 {[%emt 0:00:09]} h6 {[%emt 0:00:33]} 7. Be3 {[%emt 0:02:43]} Ne7 {[%emt 0:00:44]} 8. Rc1 {[%emt 0:02:04]} dxc4 {[%emt 0:06:02]} 9. Bxc4 {[%emt 0:01:12]} Nd7 {[%emt 0:01:09]} 10. Nge2 {[%emt 0:06:12]} a6 {[%emt 0:02:58]} 11. Ng3 {[%emt 0:06:41]} Bh7 {[%emt 0:02:15]} 12. f4 {[%emt 0:04:31]} Nb6 {[%emt 0:04:27]} 13. Bb3 {[%emt 0:04:52]} O-O-O {[%emt 0:02:41]} 14. Qf3 {[%emt 0:03:22]} Kb8 {[%emt 0:06:35]} 15. O-O {[%emt 0:00:49]} Nf5 {[%emt 0:09:59]} 16. Nxf5 {[%emt 0:01:12]} Bxf5 {[%emt 0:00:06]} 17. Bf2 {[%emt 0:19:45]} h5 {[%emt 0:01:37]} 18. Ne4 {[%emt 0:01:06]} Bxe4 {[%emt 0:03:22]} 19. Qxe4 {[%emt 0:00:52]} g6 {[%emt 0:00:07]} 20. Rfd1 {[%emt 0:06:51]} Nd5 {[%emt 0:02:27]} 21. g3 {[%emt 0:00:46]} Bb4 {[%emt 0:01:19]} 22. Rd3 {[%emt 0:07:33]} Ba5 {[%emt 0:01:52]} 23. Bxd5 {[%emt 0:06:01]} Rxd5 {[%emt 0:01:40]} 24. Rc5 {[%emt 0:00:43]} Rhd8 {[%emt 0:02:35]} 25. Kg2 {[%emt 0:00:57]} Bb6 {[%emt 0:02:03]} 26. Rxd5 {[%emt 0:00:17]} Rxd5 {[%emt 0:00:45]} 27. Rc3 {[%emt 0:01:40]} Qd7 {[%emt 0:02:39]} 28. Rc4 {[%emt 0:01:57]} Rb5 {[%emt 0:01:44]} 29. b3 {[%emt 0:02:38]} Rd5 {[%emt 0:01:44]} 30. b4 {[%emt 0:02:53]} Ba7 {[%emt 0:01:17]} 31. a3 {[%emt 0:01:09]} Kc7 {[%emt 0:01:39]} 32. Kh2 {[%emt 0:03:43]} Qe7 {[%emt 0:04:38]} 33. Rc3 {[%emt 0:01:11]} Bb6 {[%emt 0:01:54]} 34. Rd3 {[%emt 0:00:53]} a5 {[%emt 0:01:07]} 35. Be1 {[%emt 0:00:32]} Qd7 {[%emt 0:01:14]} 36. Bc3 {[%emt 0:00:39]} Kd8 {[%emt 0:00:41]} 37. Kg2 {[%emt 0:00:35]} Ke8 {[%emt 0:00:36]} 38. Kh3 {[%emt 0:00:32]} Bd8 {[%emt 0:01:51]} 39. Rd1 {[%emt 0:00:30]} Kf8 {[%emt 0:02:48]} 40. Rb1 {[%emt 0:00:30]} axb4 {[%emt 0:04:15]} 41. axb4 {[%emt 0:02:47]} Bb6 {[%emt 0:01:21]} 42. Rd1 {[%emt 0:00:49]} Ke7 {[%emt 0:02:51]} 43. Rd2 {[%emt 0:02:26]} Kd8 {[%emt 0:01:18]} 44. Rd1 {[%emt 0:00:37]} Kc7 {[%emt 0:00:12]} 45. Rd2 {[%emt 0:00:43]} Rb5 {[%emt 0:02:04]} 46. g4 {[%emt 0:01:51]} hxg4+ {[%emt 0:00:27]} 47. Kxg4 {[%emt 0:00:01]} Rd5 {[%emt 0:00:36]} 48. Kg3 {[%emt 0:01:32]} Kb8 {[%emt 0:01:54]} 49. Rd1 {[%emt 0:01:43]} Qd8 {[%emt 0:01:47]} 50. Qe3 {[%emt 0:01:04]} Qh8 {[%emt 0:03:55]} 51. Qf3 {[%emt 0:02:06]} Bd8 {[%emt 0:01:42]} 52. Rh1 {[%emt 0:00:55]} Bb6 {[%emt 0:02:00]} 53. Rd1 {[%emt 0:00:11]} f5 {[%emt 0:02:13]} 54. Qd3 {[%emt 0:05:12]} Qh7 {[%emt 0:03:13]} 55. Qe2 {[%emt 0:02:40]} Bd8 {[%emt 0:01:42]} 56. Rh1 {[%emt 0:00:05]} Rd7 {[%emt 0:02:26]} 57. b5 {[%emt 0:01:07]} cxb5 {[%emt 0:03:26]} 58. Qxb5 {[%emt 0:00:16]} Rd5 {[%emt 0:00:47]} 59. Qe2 {[%emt 0:00:33]} Ba5 {[%emt 0:05:36]} 60. Bxa5 {[%emt 0:02:45]} Rxa5 {[%emt 0:00:05]} 61. Rd1 {[%emt 0:00:06]} Qd7 {[%emt 0:13:26]} 62. Qc4 {[%emt 0:01:23]} Ra3+ {[%emt 0:02:19]} 63. Kg2 {[%emt 0:01:21]} Ra5 {[%emt 0:04:22]} 64. Rb1 {[%emt 0:04:42]} Rd5 {[%emt 0:00:51]} 65. Rb4 {[%emt 0:00:12]} b5 {[%emt 0:01:33]} 66. Kf2 {[%emt 0:00:51]} Ka7 {[%emt 0:01:01]} 67. Qa2+ {[%emt 0:01:35]} Kb6 {[%emt 0:00:42]} 68. Ke3 {[%emt 0:01:34]} Qe7 {[%emt 0:00:46]} 69. Qa3 {[%emt 0:01:32]} Qxh4 {[%emt 0:00:39]} 70. Qa8 {[%emt 0:00:22]} Qg3+ {[%emt 0:02:05]} 71. Kd2 {[%emt 0:00:43]} Qxf4+ {[%emt 0:00:48]} 72. Kc3 {[%emt 0:00:39]} Qc1+ {[%emt 0:00:45]} 73. Kb3 {[%emt 0:00:57]} Qb1+ {[%emt 0:00:04]} 74. Kc3 {[%emt 0:00:09]} Qc1+ {[%emt 0:00:03]} 75. Kb3 {[%emt 0:00:01]} Qc7 {[%emt 0:00:38]} 76. Qe8 {[%emt 0:00:47]} Qc6 {[%emt 0:00:35]} 77. Qxg6 {[%emt 0:00:46]} Rd8 {[%emt 0:00:29]} 78. Qg1 {[%emt 0:00:38]} Qd5+ {[%emt 0:00:45]} 79. Kb2 {[%emt 0:00:33]} Ra8 {[%emt 0:00:09]} 80. Rb3 {[%emt 0:00:12]} Ra4 {[%emt 0:00:04]} 81. Rd3 {[%emt 0:02:03]} Qa2+ {[%emt 0:00:10]} 82. Kc3 {[%emt 0:00:14]} Rc4# {[%emt 0:00:05]} 0-1

[Event "Niedersachsen-ch 2020"]
[Site "Verden-Aller"]
[Date "2020.01.03"]
[Round "3.2"]
[White "Voege, Tobias"]
[Black "Pubantz, Jan"]
[Result "1-0"]
[WhiteElo "2310"]
[BlackElo "2233"]
[Annotator "TA"]
[PlyCount "101"]
[EventDate "2020.01.02"]
[EventType "swiss"]
[EventCountry "GER"]
[SourceTitle "playchess.com"]
[Source "ChessBase"]
[SourceQuality "1"]

{[%evp 9,101,11,16,7,19,0,27,16,8,-14,0,-17,0,-14,-11,-16,0,-12,0,0,0,0,0,0,0,0,9,7,12,0,0,0,0,0,30,25,28,9,24,0,29,16,18,0,0,0,0,0,15,12,14,15,22,7,40,42,51,41,104,109,200,200,207,203,194,194,197,191,195,183,194,181,247,254,215,247,245,247,239,225,224,215,306,288,288,288,346,306,404,303,452,433,1398,491]} 1. d4 d5 2. Nc3 Bf5 3. Bg5 c6 4. e3 Nd7 5. Bd3 (5. Qd2 h6 6. Bh4 Ngf6 7. f3 e6 8. O-O-O Bb4 9. g4 Bh7 10. Bd3 Qa5 11. Nge2 Nb6 12. Kb1 Na4 {½-½ (40) Vaulin,A (2547)-Yevseev,D (2503) Tula 1999}) 5... Bxd3 6. cxd3 {D00: 1 d4 d5: Unusual lines} Qb6 7. Rb1 e5 8. dxe5 {White has an edge.} Nxe5 9. d4 $146 ({Predecessor:} 9. Nf3 Nxf3+ 10. Qxf3 Be7 11. Bxe7 Nxe7 {½-½ (26) Emodi,B (2365)-Perrin,G (2272) France 2008}) 9... Ng6 10. Nge2 Bd6 (10... h6 {feels hotter.} 11. Bf4 Nxf4 12. Nxf4 Nf6 13. O-O Bd6) 11. Qa4 {And now Nxd5 would win.} Qb4 12. Qxb4 Bxb4 13. O-O h6 14. Bf4 $1 Nxf4 15. Nxf4 Nf6 16. Rfc1 Ke7 17. Na4 Rhc8 18. Nd3 Bd6 19. Rc2 Rc7 20. Nac5 Bxc5 21. Nxc5 Ne4 22. Nxe4 dxe4 $11 {[%mdl 4096] Endgame KRR-KRR} 23. Rc5 Kd6 24. Rbc1 Rac8 25. b4 g6 26. Rd1 b6 27. Rc4 Kd5 28. Rc3 Rd7 29. Kf1 Ke6 30. Rdc1 Kd5 31. Ke2 Rd6 32. a4 {[%cal Ba2a4,Ba4a5][%mdl 32]} Rf6 33. a5 Kd6 ({Black should play} 33... Rd6 $14) 34. b5 $1 $16 {[%cal Rc3c6]} c5 (34... Kd5 $16 {was worth a try.}) 35. dxc5+ $1 $18 Rxc5 36. Rd1+ Kc7 {[#]} 37. Rxc5+ $1 bxc5 {[#] KR-KR} 38. Rd5 $1 c4 39. Rc5+ Kb7 40. Rxc4 Rf5 (40... Re6 $142 41. Rc5 h5) 41. Rxe4 Rxb5 42. Re7+ Kb8 43. Rxf7 Rxa5 44. Rf6 Rg5 45. g3 a5 (45... Kb7 $142 46. h4 Rd5 47. Rxg6 a5) 46. Kd3 Kb7 47. Kc4 Rg4+ 48. Kb5 Rg5+ 49. Ka4 Kc7 (49... Rc5 {was necessary.} 50. Rxg6 Rc2) 50. h4 Rg4+ (50... Rd5 $142 51. Rxg6 Rd2) 51. Kxa5 {Accuracy: White = 64%, Black = 42%.} (51. Rf4 $142 h5 52. Rxg4 hxg4 53. Kxa5) 1-0

[Event "Niedersachsen-ch 2020"]
[Site "Verden-Aller"]
[Date "2020.01.03"]
[Round "3.3"]
[White "Mueer, Sebastian"]
[Black "Riemay, David"]
[Result "0-1"]
[WhiteElo "2223"]
[BlackElo "2139"]
[Annotator "TA"]
[PlyCount "66"]
[EventDate "2020.01.02"]
[EventType "swiss"]
[EventCountry "GER"]
[SourceTitle "playchess.com"]
[Source "ChessBase"]
[SourceQuality "1"]

{[%evp 9,88,0,0,6,20,14,19,4,4,4,9,6,11,9,14,0,0,0,0,6,15,10,12,0,7,5,10,0,0,-13,4,-47,-45,-51,-47,-61,-29,-60,0,-31,-31,-41,-59,-86,-87,-87,-48,-95,-95,-95,-95,-95,-95,-98,-76,-102,-90,-182,-183,-182,-188,-216,-220,-255,-254,-266,-258,-349,-307,-387,-394,-396,-388,-387,-400,-396,-356,-470,-467,-464,-457]} 1. d4 d5 2. Bf4 c5 3. e3 Nc6 4. Nf3 Nf6 5. Nbd2 (5. c3 e6 6. Nbd2 cxd4 7. exd4 Nh5 8. Bg5 f6 9. Be3 Bd6 10. g3 O-O 11. Nh4 g6 12. Be2 Ng7 13. O-O e5 14. dxe5 fxe5 {½-½ (59) Aronian,L (2767)-Nakamura,H (2777) chess.com INT 2018}) 5... cxd4 6. exd4 {D02: 1 d4 d5 2 Nf3 sidelines, including 2...Nf6 3 g3 and 2...Nf6 3 Bf4} Qb6 7. Nb3 Bg4 8. Be2 {The position is equal.} e6 9. O-O $146 ({Predecessor:} 9. h3 Bh5 10. O-O Be7 11. c3 {1-0 (33) Koci,V (2270)-Dlouhy,R (2225) ICCF email 2004}) 9... Be7 10. c3 O-O 11. h3 Bh5 12. Bd3 a5 13. Rb1 Ne4 14. Nbd2 Bd6 15. Bxd6 Nxd6 16. Qe2 a4 17. Qe3 Rfe8 18. Qf4 Qd8 19. Rbe1 Ne7 20. Re3 (20. a3 $11) 20... Bg6 $15 21. Ne5 Bxd3 22. Nxd3 Ng6 23. Qh2 b5 (23... a3 $15 24. b3 Nf5) 24. Rfe1 Nc4 25. Nxc4 bxc4 26. Nb4 {[#]} a3 $1 $36 {[%mdl 2048] Keeping White busy.} 27. bxa3 Rxa3 28. Qg3 Rf8 29. Qg4 Ne7 30. Qd1 Qc7 31. Rg3 g6 32. Qa1 Rfa8 33. h4 (33. Qc1 $17 {was necessary.}) 33... h5 {Played: Ne7-f5} 0-1

[Event "Niedersachsen-ch 2020"]
[Site "Verden-Aller"]
[Date "2020.01.03"]
[Round "3.4"]
[White "Ermel, Dirk"]
[Black "Renner, Kai"]
[Result "1/2-1/2"]
[WhiteElo "2125"]
[BlackElo "2180"]
[Annotator "ChessBase"]
[PlyCount "129"]
[EventDate "2020.01.02"]
[EventType "swiss"]
[EventCountry "GER"]
[SourceTitle "playchess.com"]
[Source "ChessBase"]
[SourceQuality "1"]
[TimeControl "40/5400+30:1800+30"]

1. c4 {[%emt 0:00:00]} f5 {[%emt 0:00:00]} 2. Nc3 {[%emt 0:00:39]} Nf6 {[%emt 0:00:00]} 3. g3 {[%emt 0:01:49]} g6 {[%emt 0:01:32]} 4. Bg2 {[%emt 0:00:59]} Bg7 {[%emt 0:00:11]} 5. Nf3 {[%emt 0:04:00]} O-O {[%emt 0:00:17]} 6. O-O {[%emt 0:00:11]} d6 {[%emt 0:00:14]} 7. d3 {[%emt 0:03:58]} Nc6 {[%emt 0:01:15]} 8. Bd2 {[%emt 0:03:29]} e5 {[%emt 0:00:54]} 9. Rb1 {[%emt 0:01:47]} h6 {[%emt 0:01:32]} 10. b4 {[%emt 0:02:41]} g5 {[%emt 0:01:31]} 11. Ne1 {[%emt 0:05:29]} f4 {[%emt 0:07:15]} 12. b5 {[%emt 0:11:14]} Ne7 {[%emt 0:05:58]} 13. e3 {[%emt 0:01:15]} Ng6 {[%emt 0:17:32]} 14. Nd5 {[%emt 0:00:37]} Kh8 {[%emt 0:03:11]} 15. exf4 {[%emt 0:25:31]} exf4 {[%emt 0:05:18]} 16. Bc3 {[%emt 0:01:19]} Nxd5 {[%emt 0:08:36]} 17. Bxg7+ {[%emt 0:00:27]} Kxg7 {[%emt 0:00:05]} 18. Bxd5 {[%emt 0:00:14]} Bh3 {[%emt 0:03:59]} 19. Ng2 {[%emt 0:06:09]} Qf6 {[%emt 0:12:02]} 20. Re1 {[%emt 0:08:25]} fxg3 {[%emt 0:07:52]} 21. fxg3 {[%emt 0:00:08]} Qd4+ {[%emt 0:02:35]} 22. Kh1 {[%emt 0:00:09]} Ne5 {[%emt 0:03:11]} 23. Re4 {[%emt 0:03:35]} Qf2 {[%emt 0:13:06]} 24. Re2 {[%emt 0:00:21]} Qf6 {[%emt 0:00:15]} 25. Re1 {[%emt 0:03:30]} Ng4 {[%emt 0:01:28]} 26. Qd2 {[%emt 0:01:20]} Rae8 {[%emt 0:00:15]} 27. Be4 {[%emt 0:06:40]} Qd4 {[%emt 0:01:24]} 28. Qb2 {[%emt 0:00:42]} Nf2+ {[%emt 0:00:41]} 29. Kg1 {[%emt 0:00:32]} Qxb2 {[%emt 0:00:41]} 30. Rxb2 {[%emt 0:00:00]} Bxg2 {[%emt 0:00:51]} 31. Rxf2 {[%emt 0:00:23]} Bxe4 {[%emt 0:00:57]} 32. Rxe4 {[%emt 0:05:09]} Rxe4 {[%emt 0:00:09]} 33. Rxf8 {[%emt 0:00:51]} Rxc4 {[%emt 0:00:59]} 34. Rb8 {[%emt 0:01:46]} Rc1+ {[%emt 0:00:22]} 35. Kf2 {[%emt 0:00:16]} b6 {[%emt 0:00:03]} 36. Ke3 {[%emt 0:00:20]} Rc2 {[%emt 0:00:30]} 37. Rb7 {[%emt 0:00:23]} Kf6 {[%emt 0:00:19]} 38. h4 {[%emt 0:00:38]} gxh4 {[%emt 0:00:24]} 39. gxh4 {[%emt 0:00:02]} Rxa2 {[%emt 0:01:02]} 40. Rxc7 {[%emt 0:00:10]} Rb2 {[%emt 0:00:17]} 41. Rxa7 {[%emt 0:31:24]} Rxb5 {[%emt 0:30:14]} 42. Ra4 {[%emt 0:00:00]} Re5+ {[%emt 0:00:00]} 43. Kf3 {[%emt 0:00:00]} Ke6 {[%emt 0:00:00]} 44. Ra8 {[%emt 0:00:00]} Kd5 {[%emt 0:00:00]} 45. Rh8 {[%emt 0:00:00]} h5 {[%emt 0:00:00]} 46. Rb8 {[%emt 0:00:00]} Kc6 {[%emt 0:01:30]} 47. d4 {[%emt 0:00:00]} Ra5 {[%emt 0:00:09]} 48. Ke4 {[%emt 0:00:00]} b5 {[%emt 0:00:27]} 49. d5+ {[%emt 0:00:00]} Kc7 {[%emt 0:00:06]} 50. Rh8 {[%emt 0:00:00]} Ra4+ {[%emt 0:00:05]} 51. Kf5 {[%emt 0:00:00]} Rxh4 {[%emt 0:00:10]} 52. Rh7+ {[%emt 0:00:00]} Kb6 {[%emt 0:00:43]} 53. Ke6 {[%emt 0:00:00]} b4 {[%emt 0:00:23]} 54. Rh8 {[%emt 0:00:40]} Kc5 {[%emt 0:00:44]} 55. Rc8+ {[%emt 0:00:22]} Kd4 {[%emt 0:00:30]} 56. Kxd6 {[%emt 0:01:20]} b3 {[%emt 0:00:14]} 57. Rb8 {[%emt 0:00:47]} Kc3 {[%emt 0:00:06]} 58. Ke5 {[%emt 0:00:45]} b2 {[%emt 0:02:01]} 59. d6 {[%emt 0:01:00]} Rh1 {[%emt 0:00:37]} 60. d7 {[%emt 0:00:45]} Rd1 {[%emt 0:02:36]} 61. Rc8+ {[%emt 0:00:16]} Kb3 {[%emt 0:00:14]} 62. Rb8+ {[%emt 0:00:08]} Kc2 {[%emt 0:00:24]} 63. Rc8+ {[%emt 0:00:09]} Kb3 {[%emt 0:00:37]} 64. Rb8+ {[%emt 0:00:07]} Kc3 {[%emt 0:00:47]} 65. Rc8+ {[%emt 0:00:12]} 1/2-1/2

[Event "Niedersachsen-ch 2020"]
[Site "Verden-Aller"]
[Date "2020.01.03"]
[Round "3.5"]
[White "Knuedel, Torben"]
[Black "Hampel, Felix"]
[Result "1/2-1/2"]
[WhiteElo "2185"]
[BlackElo "2290"]
[Annotator "TA"]
[PlyCount "55"]
[EventDate "2020.01.02"]
[EventType "swiss"]
[EventCountry "GER"]
[SourceTitle "playchess.com"]
[Source "ChessBase"]
[SourceQuality "1"]

{[%evp 11,55,33,52,25,23,20,31,14,41,28,42,15,33,17,22,15,24,19,26,21,29,21,3,-50,-52,-27,-20,-19,-7,-22,0,0,0,0,0,0,0,0,0,0,0,0,0,0,0,0]} 1. e4 c5 2. Nf3 e6 3. d4 cxd4 4. Nxd4 Nc6 5. Nc3 Qc7 6. Be3 a6 7. Qf3 {B48: Sicilian: Taimanov: 5 Nc3 Qc7 6 Be3 a6 without Be2} Bd6 (7... Ne5 8. Qg3 h5 9. Bg5 f6 10. Bf4 Ne7 11. O-O-O Kf7 12. Bxe5 Qxe5 13. f4 h4 14. Qe3 Qc7 {1-0 (35) Ding,L (2811)-Shankland,S (2705) chess.com INT 2019}) 8. O-O-O {[#] Threatens to win with Ndb5!} Be5 $1 9. g3 {White is slightly better.} Nge7 10. Qe2 b5 {[%cal Bb7b5,Bb5b4][%mdl 32]} 11. f4 (11. Qd2 {seems wilder.} O-O 12. Nxc6 Qxc6 13. Bg2 Bc7 14. f4) 11... Bxd4 12. Bxd4 Nxd4 13. Rxd4 Rb8 14. Bg2 b4 15. Na4 $146 Nc6 16. Rd2 e5 17. Qf2 (17. Qc4 $11) 17... d6 $15 18. Rhd1 Nd4 19. Rxd4 {The position is equal.} exd4 20. Qxd4 {[%mdl 64] [#] Double Attack} Bd7 21. Qxg7 Bxa4 {[%csl Ga4][%cal Rc7c2]} 22. b3 Qc3 ({Of course not} 22... Rf8 23. bxa4 Rc8 24. Rd2 $16) 23. e5 $1 Rf8 {And now ...Bd7 would win.} 24. bxa4 Rc8 {[%csl Gc8][%cal Rc3c2]} 25. Qxh7 {Strongly threatening Kb1.} Qa1+ 26. Kd2 Qc3+ 27. Kc1 $1 {[%cal Rc1b1] Hoping for Kb1.} Qa1+ 28. Kd2 {Accuracy: White = 72%, Black = 70%.} 1/2-1/2

[Event "Niedersachsen-ch 2020"]
[Site "Verden-Aller"]
[Date "2020.01.03"]
[Round "3.6"]
[White "Ewert, Hannes"]
[Black "Payyappat, Sreyas"]
[Result "1-0"]
[WhiteElo "2256"]
[BlackElo "2166"]
[Annotator "TA"]
[PlyCount "71"]
[EventDate "2020.01.02"]
[EventType "swiss"]
[EventCountry "GER"]
[SourceTitle "playchess.com"]
[Source "ChessBase"]
[SourceQuality "1"]

{[%evp 9,71,3,31,13,23,22,35,35,50,34,40,38,33,24,65,80,77,85,93,73,113,113,154,153,155,93,137,70,170,163,156,159,135,137,214,132,152,51,60,53,65,65,75,46,79,66,72,12,12,14,14,14,14,11,12,19,546,552,1522,1506,1908,1653,1743,1708]} 1. Nf3 Nf6 2. g3 d5 3. Bg2 e6 4. O-O c6 5. d3 Nbd7 6. Nbd2 {A07: Réti Opening: New York and Capablanca Systems} Be7 7. e4 O-O (7... Qc7 8. d4 dxe4 9. Ng5 O-O 10. Ndxe4 h6 11. Nxf6+ Nxf6 12. Nf3 Rd8 13. Qe2 b6 {½-½ (61) Harikrishna,P (2665)-Tiviakov,S (2677) Wijk aan Zee 2012}) 8. Qe2 {White is slightly better.} Qc7 9. Re1 Rd8 $146 ({Predecessor:} 9... Bc5 10. Nb3 Bb6 11. a4 a6 12. Nfd2 Nc5 13. Kh1 Rd8 14. Nxc5 Bxc5 15. Nb3 {1-0 (60) Rozumek,K (1713)-Nowak,P (1297) Poznan 2019}) 10. e5 Ne8 $1 11. Nf1 Nf8 12. h4 b5 13. N1h2 a5 14. h5 a4 15. Ng4 b4 16. h6 g6 17. Bg5 (17. Ng5 $142) 17... c5 18. Qe3 (18. a3 $16) 18... Ra7 ({Black should play} 18... a3 $1 $14) 19. Qf4 Bxg5 20. Nxg5 {[#] Strongly threatening Nf6+.} Qe7 21. d4 c4 (21... cxd4 $16 {was called for.} 22. Red1 a3) 22. b3 c3 23. Ne3 ({Better is} 23. Rac1 $16) 23... Bb7 24. Qh4 Rda8 {aiming for ...axb3.} 25. Rad1 Bc6 26. f4 axb3 27. axb3 Ra2 28. Rf1 (28. g4 $16) 28... Bb5 $11 {And now ...Be2 would win.} 29. Rf2 Ra1 {Threatens to win with ...Rxd1+.} 30. Qg4 R8a2 31. Kh2 Rxd1 32. Qxd1 $40 {[%mdl 128] White mounts an attack.} f6 $2 {[%mdl 8192] [#]} (32... Nc7 $11) 33. Nxd5 $1 $18 {[%mdl 512] White is clearly winning.} Qa7 (33... exd5 34. Bxd5+) 34. exf6 Nd6 35. Ne7+ Kh8 36. Qe1 {Accuracy: White = 54%, Black = 38%.} 1-0

[Event "Niedersachsen-ch 2020"]
[Site "Verden-Aller"]
[Date "2020.01.03"]
[Round "3.7"]
[White "Schulz, Daniel"]
[Black "Hoerstmann, Rudi"]
[Result "0-1"]
[WhiteElo "2130"]
[BlackElo "2241"]
[Annotator "TA"]
[PlyCount "32"]
[EventDate "2020.01.02"]
[EventType "swiss"]
[EventCountry "GER"]
[SourceTitle "playchess.com"]
[Source "ChessBase"]
[SourceQuality "1"]

{[%evp 19,76,23,17,10,22,16,8,-11,-22,-31,-18,0,-12,-25,-18,-127,-100,-110,-111,-120,-108,-105,-105,-108,-79,-78,-85,-83,-44,-47,-42,-80,-49,-52,-42,-77,-65,-183,-174,-297,-283,-274,-259,-243,-228,-365,-349,-344,-334,-12836,-12836,-12837,-12837,-12837,-12838,-12837,-12836,-1327,-1300]} 1. d4 g6 2. c4 Bg7 3. Nf3 d6 4. Nc3 Nd7 5. g3 e5 6. Bg2 Ne7 7. O-O O-O 8. e4 exd4 9. Nxd4 Nc6 10. Nde2 a5 11. Be3 {A42: Modern Defence: Averbakh Variation} (11. b3 a4 12. Rb1 axb3 13. axb3 Nc5 14. b4 Ne6 15. Be3 Ne5 16. Qb3 Ng4 17. Bd2 c5 18. Nd5 Ne5 {½-½ (33) Xiong,J (2647)-Mamedov,R (2678) Atlantic City 2016}) 11... a4 12. Qc2 $146 ({Predecessor:} 12. Nxa4 Nde5 13. Rc1 Nb4 14. b3 Nxa2 15. Ra1 Nb4 16. Qd2 Nbc6 17. Nd4 Qf6 18. Nxc6 bxc6 {1-0 (45) Naumann,A (2560)-Firman,N (2458) Germany 2015}) 12... Nde5 13. b3 {The position is equal.} Bg4 14. Rad1 axb3 15. axb3 Nb4 $36 {[%mdl 2048] Black is pushing.} 16. Qb1 {[#]} Nf3+ {Played: Nb4-a2} 0-1

[Event "Niedersachsen-ch 2020"]
[Site "Verden-Aller"]
[Date "2020.01.03"]
[Round "3.8"]
[White "Stotyn, Fabian"]
[Black "Haerig, Wilfried"]
[Result "1-0"]
[WhiteElo "2198"]
[BlackElo "2161"]
[Annotator "TA"]
[PlyCount "79"]
[EventDate "2020.01.02"]
[EventType "swiss"]
[EventCountry "GER"]
[SourceTitle "playchess.com"]
[Source "ChessBase"]
[SourceQuality "1"]

{[%evp 20,79,22,0,48,40,48,46,61,50,68,70,66,42,52,35,65,62,134,122,107,115,141,145,199,178,187,179,342,344,344,341,344,340,341,334,387,385,515,510,510,499,576,587,555,564,521,502,477,442,632,535,1346,1364,1189,904,5226,4132,29978,29979,29979,29980]} 1. e4 c5 2. Nc3 g6 3. Nf3 Bg7 4. d4 cxd4 5. Nxd4 Nc6 6. Be3 Nf6 7. Bc4 O-O 8. Bb3 d6 9. h3 Bd7 10. O-O Na5 11. f4 Bc6 {B72: Sicilian Dragon: 6 Be3, lines with h3+Bc4 and sidelines} (11... Qc7 12. Qe2 a6 13. Qf2 Rac8 14. Nf3 Nxb3 15. axb3 Qc6 16. Nd2 Nh5 17. Nd5 Rce8 18. Nc4 Nf6 19. Na5 {½-½ (44) Olofsson,D (2535)-Pheby,I (2621) ICCF email 2005}) 12. Qd3 Nxb3 13. axb3 Qd7 {White is slightly better.} 14. Nxc6 $146 ({Predecessor:} 14. Rfd1 Rfd8 15. b4 a6 16. Nxc6 Qxc6 17. e5 Ne8 18. Nd5 Bf8 19. Bb6 Rdc8 20. Bf2 Rab8 21. Ba7 Ra8 22. Bf2 Rab8 23. Nb6 Rc7 24. Nd5 Rcc8 {½-½ (24) Galdunts,S (2420)-Werner,C (2305) Badenweiler 1994}) 14... bxc6 15. Ra6 Rfb8 16. Rfa1 {[%cal Ra6a7]} Rb7 17. R1a5 $36 {[%mdl 2048] White fights for an advantage.} Qc7 18. Qc4 d5 (18... c5 $14) 19. Qxc6 $16 Qxc6 20. Rxc6 {aiming for e5.} Nxe4 21. Rxd5 Nxc3 (21... Ng3 $16 22. Kf2 Nf5) 22. bxc3 $18 a5 23. Rc4 a4 $2 {[#]} (23... f5 {keeps fighting.} 24. Bd4 Bxd4+ 25. cxd4 (25. Rdxd4 Kf7 $16) (25. Rcxd4 Rc7 $16) 25... Kf7) 24. Rxa4 Rc8 25. c4 f5 26. Ra7 Rxa7 27. Bxa7 {[%mdl 4096] Endgame KRB-KRB} e6 28. Rd7 e5 29. fxe5 Bxe5 30. Bd4 Bxd4+ 31. Rxd4 {KR-KR} Kf7 32. b4 Ke6 33. c5 {[%cal Bc4c5,Bc5c6,Bc6c7][%mdl 32]} g5 34. h4 g4 (34... Ke5 $142) 35. Kf2 h5 36. Ke3 Rb8 37. Kf4 g3 38. c6 Ke7 39. c7 Rc8 40. Rc4 {Accuracy: White = 86%, Black = 43%.} 1-0